| 000 | 00477nam a2200181Ia 4500 | ||
|---|---|---|---|
| 003 | GCL | ||
| 008 | 140319s9999 xx 000 0 eng d | ||
| 040 |
_aGCL / _cGCL |
||
| 082 | 0 | 4 |
_a515.63 _bD I |
| 100 | 1 | _aDAVIS, HARRY F | |
| 245 | 1 | 0 |
_aINTRODUCTION TO VECTOR ANALYSIS / _cDAVIS, HARRY F |
| 700 | 1 | _aSNIDER, ARTHUR DAVID | |
| 260 |
_a[S.N] : _bWCB BROWN & BENCHANARK ، _c1995 |
||
| 300 | _a415 P | ||
| 650 | 0 | 4 | _aANALYSIS |
| 650 | 0 | 4 | _aVECTOR ANALYSIS |
| 942 |
_2ddc _cBK |
||
| 999 |
_c15286 _d15286 |
||